000
00352nam a2200145Ia 4500
008
190425s9999 xx 000 0 und d
245
_a
Bill to prioritize dryland farming/
260
_b
Manila Bulletin
260
_c
2018
300
_a
September 20
440
_a
Manila Bulletin
650
_a
agriculture
650
_a
farmers
650
_a
farming
999
_c
361651
_d
361651